000 00495nam a2200181Ia 4500
001 25299
005 20260414151140.0
008 260414t1989||||xx |||||||||||||| ||spa||
041 _aESP
082 _a346.44
_bR91 1989 V. 7
100 _aRubio Correa, Marcial
_eAUT
245 0 _aPrescripción y caducidad. La extinción de acciones y derechos en el código civil
_b
260 _c1989
300 _a206 páginas :
_c20 cm.
650 _aDER
654 _aCDE
942 _cLIB
_dJUS
_fJUS
_2ddc
_n
999 _c25299
_d25299